000 00307nam a2200133Ia 4500
008 100328s9999 xx 000 0 und d
082 _b56338
100 _aHalpern Howard
245 _aCutting Loose
260 _bSimon & Schuster
630 _aCutting Loose
730 _aCutting Loose
942 _cBOOK
999 _c542914
_d542911